000 00429nam a2200145Ia 4500
008 090124s9999 xx 000 0 und d
082 _b400285
245 _a डॉन ब्रॅडमन
250 _a1
260 _bचिटणीस शं. ल (शंकर लक्ष्मण)
_c1977
300 _a144
630 _a डॉन ब्रॅडमन
730 _a डॉन ब्रॅडमन
942 _cBOOK
999 _c196206
_d196206